<?xml version="1.0" encoding="UTF-8"?>
<record
    xmlns:xsi="http://www.w3.org/2001/XMLSchema-instance"
    xsi:schemaLocation="http://www.loc.gov/MARC21/slim http://www.loc.gov/standards/marcxml/schema/MARC21slim.xsd"
    xmlns="http://www.loc.gov/MARC21/slim">

  <leader>01352nam a22002777a 4500</leader>
  <datafield tag="952" ind1=" " ind2=" ">
    <subfield code="0">0</subfield>
    <subfield code="1">0</subfield>
    <subfield code="2">lcc</subfield>
    <subfield code="4">0</subfield>
    <subfield code="7">0</subfield>
    <subfield code="a">22</subfield>
    <subfield code="b">22</subfield>
    <subfield code="d">2014-08-25</subfield>
    <subfield code="e">Promotora NARO</subfield>
    <subfield code="l">25</subfield>
    <subfield code="m">2</subfield>
    <subfield code="o">RC454 S2818 1990</subfield>
    <subfield code="p">17 001781</subfield>
    <subfield code="r">2023-07-10</subfield>
    <subfield code="s">2023-06-14</subfield>
    <subfield code="t">1</subfield>
    <subfield code="w">2014-08-25</subfield>
    <subfield code="y">LB</subfield>
  </datafield>
  <datafield tag="952" ind1=" " ind2=" ">
    <subfield code="0">0</subfield>
    <subfield code="1">0</subfield>
    <subfield code="4">0</subfield>
    <subfield code="7">0</subfield>
    <subfield code="a">22</subfield>
    <subfield code="b">22</subfield>
    <subfield code="d">2014-08-27</subfield>
    <subfield code="e">Promotora NARO</subfield>
    <subfield code="l">1</subfield>
    <subfield code="o">RC454 S2818 1990</subfield>
    <subfield code="p">17 001830</subfield>
    <subfield code="r">2015-09-24</subfield>
    <subfield code="s">2015-09-24</subfield>
    <subfield code="t">2</subfield>
    <subfield code="w">2014-08-27</subfield>
    <subfield code="y">LB</subfield>
  </datafield>
  <datafield tag="999" ind1=" " ind2=" ">
    <subfield code="c">93709</subfield>
    <subfield code="d">93709</subfield>
  </datafield>
  <controlfield tag="005">20231102151715.0</controlfield>
  <controlfield tag="008">140825s1990    mx a|||| |||| 00| 0 spa d</controlfield>
  <datafield tag="020" ind1=" " ind2=" ">
    <subfield code="a">9789682439452</subfield>
  </datafield>
  <datafield tag="050" ind1="1" ind2="4">
    <subfield code="a">RC454</subfield>
    <subfield code="b">S2818 1990</subfield>
  </datafield>
  <datafield tag="100" ind1="1" ind2=" ">
    <subfield code="a">Sarason, Irwin G.</subfield>
    <subfield code="e"> / autor</subfield>
  </datafield>
  <datafield tag="245" ind1="1" ind2="0">
    <subfield code="a">Psicologia anormal</subfield>
    <subfield code="b"> : Los problemas de la conducta desadaptada</subfield>
    <subfield code="c">Irwin G. Sarason; Barbara G. Sarason </subfield>
  </datafield>
  <datafield tag="250" ind1=" " ind2=" ">
    <subfield code="a">3a edici&#xF3;n</subfield>
  </datafield>
  <datafield tag="260" ind1=" " ind2=" ">
    <subfield code="a">M&#xE9;xico</subfield>
    <subfield code="b"> : Editorial Trillas</subfield>
    <subfield code="c"> ; 1990</subfield>
  </datafield>
  <datafield tag="300" ind1=" " ind2=" ">
    <subfield code="a">617 p&#xE1;ginas</subfield>
    <subfield code="b">; ilustraciones</subfield>
  </datafield>
  <datafield tag="500" ind1=" " ind2=" ">
    <subfield code="a">Incluye: &#xCD;ndice anal&#xED;tico (pp. 604-617)</subfield>
  </datafield>
  <datafield tag="504" ind1=" " ind2=" ">
    <subfield code="a">Incluye: Bibliograf&#xED;a (pp. 541-565)</subfield>
  </datafield>
  <datafield tag="505" ind1=" " ind2=" ">
    <subfield code="a">La psicolog&#xED;a anormal en la d&#xE9;cada de los 80
Conducta desadaptada: problemas de la vida
Trastornos emocionales y reacciones esquizofr&#xE9;nicas
Trastornos org&#xE1;nicos
Desarrollo desadaptado
El reto de la intervenci&#xF3;n</subfield>
  </datafield>
  <datafield tag="519" ind1=" " ind2=" ">
    <subfield code="a">Educaci&#xF3;n Mixta / </subfield>
    <subfield code="b">Psicolog&#xED;a / 
</subfield>
    <subfield code="c">Enfermedades Psicosom&#xE1;ticas II (P12-2) / </subfield>
    <subfield code="d">(17 001781) </subfield>
  </datafield>
  <datafield tag="519" ind1=" " ind2=" ">
    <subfield code="a">Educaci&#xF3;n Mixta / </subfield>
    <subfield code="b">Psicolog&#xED;a / 
</subfield>
    <subfield code="c">Integraci&#xF3;n de Casos Cl&#xED;nicos (P29-2) / </subfield>
    <subfield code="d">(17 001830) </subfield>
  </datafield>
  <datafield tag="650" ind1="1" ind2="4">
    <subfield code="a">PSICOLOG&#xCD;A </subfield>
    <subfield code="x">PATOLOG&#xCD;A</subfield>
  </datafield>
  <datafield tag="650" ind1="2" ind2="0">
    <subfield code="a">PATOLOG&#xCD;A</subfield>
  </datafield>
  <datafield tag="700" ind1=" " ind2=" ">
    <subfield code="a">Sarason, Barbara R.</subfield>
    <subfield code="e"> / autor</subfield>
  </datafield>
  <datafield tag="700" ind1=" " ind2=" ">
    <subfield code="a">Caso S&#xE1;inz, Mari Luz</subfield>
    <subfield code="e"> / traductor</subfield>
  </datafield>
  <datafield tag="942" ind1=" " ind2=" ">
    <subfield code="c">LB</subfield>
    <subfield code="2">lcc</subfield>
  </datafield>
</record>
